00872nam a2200205 a 450000100100000000500170001000800410002704000250006810000290009324501680012226000440029030000320033465000230036665000410038970000310043070000340046170000490049595201050054499900170064900003660020200930075824.0120123s1987 sp a 000 0 spa d aDO-SdBNPbspacBNPHU1 aIyer, Patricia W.96288010aProceso de enfermería y diagnóstico de enfermería /cPatricia W. Iyer, Barbara J. Taptich, Donna Bernocchi-Losey ; traducción Andrés Sánchez del Río. aMadrid :bEmalsa Interamericana,c1987. axv, 324 p. :bil. ;c24 cm.24aEnfermería9234224aDiagnóstico de enfermería9628811 aTaptich, Barbara J.9628821 aBernocchi-Losey, Donna9628831 aSánchez del Río, Andrés,etrad.962884 001050718MOaGRbGRcCTd2012-01-23iLF1l0o p36600-10r2020-06-25w2020-06-25y1ZNo se presta c36091d36091